| 000 | 00798ngm a2200217 a 4500 | ||
|---|---|---|---|
| 005 | 20251113063932.0 | ||
| 008 | 030317s1996 es 070 d daspa d | ||
| 035 | _aUPN01000123004 | ||
| 049 | _aAV | ||
| 050 | 4 | _aPVI A 1227 | |
| 245 | 0 | 4 | _aLas aves ; Los mamíferos I ; Los mamíferos II. |
| 260 |
_aBarcelona, Esp. : _bDidaco, _c[1996]. |
||
| 300 |
_a1 videocasete (VHS) (70 min.) : _bson., col. |
||
| 440 | 0 |
_aDidavisión ; _v12 |
|
| 520 | _aEn este video que se divide en tres partes, la primera habla sobre el reino de las aves, su evolución y características actuales; en la segunda y tercera partes el tema central son los mamíferos. | ||
| 650 | 4 |
_aAVES _94114 |
|
| 650 | 2 |
_aMamíferos _922054 |
|
| 740 | 4 | _aLos mamíferos I | |
| 740 | 4 | _aLos mamíferos II | |
| 905 | _aAudiovisuales | ||
| 999 |
_c95187 _d95187 |
||